000
00328nam a22001337a 4500
008
180216b xxu||||| |||| 00| 0 eng d
020
_a
9780697062581
041
_a
eng
080
_2
2nd
_a
91
100
_a
42
101
_a
GJEO
245
_a
Oceanography an introduction to the marine environment
_c
Davis,R.A
942
_2
udc
_c
BK
999
_c
42792
_d
42792